| 000 | 00549nam a2200121Ia 4500 | ||
|---|---|---|---|
| 008 | 220615s9999||||xx |||||||||||||| ||und|| | ||
| 245 | 0 |
_aPolitics of Education in Developing Countries _bFrom Schooling to Learning |
|
| 546 | _aEnglish[eng] | ||
| 650 | _alearning crisis||education reforms||political economy of education||political settlement||elite commitment||policy process||universal primary education | ||
| 700 | _aHickey, Sam||Hossain, Naomi | ||
| 856 | _uhttps://library.oapen.org/bitstream/20.500.12657/37376/1/9780198835684.pdf | ||
| 942 | _cEB | ||
| 999 |
_c10287 _d10287 |
||